| 000 | 00683nam a2200217Ia 4500 | ||
|---|---|---|---|
| 003 | GCL | ||
| 008 | 140319s9999 xx 000 0 ara d | ||
| 040 |
_aGCL / _cGCL |
||
| 082 | 0 | 4 |
_aم _b398.903 _bم م |
| 100 | 1 | _aمحمود اسماعيل صينى | |
| 245 | 1 | 0 |
_aمعجم الامثال العربية / _cمحمود اسماعيل صينى |
| 700 | 1 | _aناصف مصطفى عبدالعزيز | |
| 700 | 1 | _aمصطفى احمد سليمان | |
| 260 |
_a[S.N] : _bمكتبة لبنان ، _c1992 |
||
| 300 | _a181 | ||
| 650 | 0 | 4 | _aالادب العربى |
| 650 | 0 | 4 | _aالادب |
| 650 | 0 | 4 | _aالامثال العربية |
| 650 | 0 | 4 | _aالمعاجم |
| 942 |
_2ddc _cREF |
||
| 999 |
_c59543 _d59543 |
||